000 00792nam a22002297a 4500
005 20170124105937.0
010 _aB-059649
020 _c00.00
_a8121509866
035 _aB-059649
037 _bCen Lib/Ret
040 _aDPL
_bEN
082 _a220.21
_bKAK
100 _aKak, Subhash
_910165
245 _aThe astronomical code of the rgveda /
_cby Subhash Kak
260 _aNew Delhi
_bMunshiram Manoharlal Publishers Pvt. Ltd
_c2000
270 _aPost Box 5715, 54 Rani Janshi Road
_bNew Delhi
_e110055
300 _axii,206p. ;
_c25cm(Hb)
_bill.
500 _aIncludes bibliographical references and index.
650 _aVedas. -- RĖĨgveda -- Criticism, interpretation, etc.
_910166
650 _aAstronomy in the Vedas.
_910167
942 _2ddc
_cEN
_h220.21
_mKAK
999 _c124282
_d124282